000 00384nam a2200145Ia 4500
008 210210b1966 xxu||||| |||| 00| 0 eng d
082 _a294.5921 BISE
100 _aBISSOONDOYAL (Basdeo).
245 _aEssence of the vedas & allied scriptures.
260 _aBombay
_bJaico Publishing House
_c1966
300 _aviii,150,vi
650 _aVeda
690 _aHinduism
906 _a033076
999 _c83849
_d83849